| 000 | 00644cam a22002171 4500 | ||
|---|---|---|---|
| 001 | sa 67004237 | ||
| 003 | DLC | ||
| 005 | 20260227112344.0 | ||
| 008 | 880315s1963 ii 000 0 eng | ||
| 010 | _asa 67004237 | ||
| 025 | _aPL480:I-E-8207 | ||
| 035 | _a(OCoLC)17632646 | ||
| 040 |
_aDLC _cMiDW _dDLC |
||
| 042 | _apremarc | ||
| 050 | 0 | 0 |
_aHD31 _b.G495 |
| 100 | 1 | _aGidwani, K. A. | |
| 245 | 1 | 0 |
_aTwelve cases for executives _c[by] K.A. Gidwani. |
| 260 |
_a[Ahmedabad] _bHuman Relations Division, Ahmedabad Textile Industry's Research Association _c[1963] |
||
| 300 |
_a59 p. _c26 cm. |
||
| 650 | 0 |
_aIndustrial management _vCase studies. |
|
| 999 |
_c74327 _d74327 |
||